| 000 | 02069cam a22004814i 4500 | ||
|---|---|---|---|
| 003 | PE-LiUPU | ||
| 005 | 20250731173423.0 | ||
| 008 | 150706s r 000 0 d | ||
| 020 | _a9780311290253 | ||
| 035 | _a(Sirsi) i9780311290253 | ||
| 040 |
_aPE-LiUPU _bspa _cPE-LiUPU _erda |
||
| 049 | _aPRUA | ||
| 082 | 0 | 4 |
_a254 _bD69 _221 |
| 100 | 1 |
_aDíaz F., Jorge Enrique, _eautor. |
|
| 245 | 1 | 0 |
_aVoluntarios : _bun ejército invisible / _cJorge Enrique Díaz F. |
| 264 | 1 |
_aTexas : _bMundo Hispano, _c2010. |
|
| 300 |
_a143 páginas ; _c21 cm. |
||
| 336 |
_atext _2rdacontent |
||
| 337 |
_aunmediated _2rdamedia |
||
| 338 |
_avolume _2rdacarrier |
||
| 504 | _aIncluye bibliografía. | ||
| 505 | 0 | _aIntroducción: ¿de qué trata un libro sobre voluntarios? -- Se rebajó voluntariamente tomando la forma de siervo -- La fuerza más grande puede ser la debilidad más grande -- Cómo encontrar a los voluntarios que tú necesitas -- Construye plan de entrenamiento -- Desarrollo una cultura de motivación -- Imagina y comunica nuevas ideas adecuadamente -- Elabora un plan orientado hacia los resultados deseados -- El líder que los voluntarios necesitan -- Indicadores de voluntarios aprobados. | |
| 526 | _aSEG42 | ||
| 526 | _aSEG41 | ||
| 526 | _aSEG40 | ||
| 526 | _aSEG39 | ||
| 526 | _aP94 | ||
| 526 | _aP87 | ||
| 526 | _aP86 | ||
| 526 | _aP85 | ||
| 526 | _aP77 | ||
| 526 | _aP76 | ||
| 526 | _aP35 | ||
| 541 | _g001-0000599; | ||
| 650 | 0 | 4 | _aVida cristiana (Discipulado). |
| 700 | 1 |
_aBedrossian, Alejandro, _eed. |
|
| 910 |
_agl _bjv _cng _d20120906 |
||
| 942 |
_2ddc _cBOOK |
||
| 949 |
_a254 D69 _wDEWEY _c1 _i65465 _lCCODEBUL1 _mBUL _p17.00 _r0 _sY _tBOOK _u2015-7-6 _xTEOLOGIA _PP35 _o.STAFF. Colección General |
||
| 994 |
_aC0 _bPEPRU |
||
| 596 | _a1 | ||
| 999 |
_a254 D69 _wDEWEY _c53964 _i65465 _f2021-11-10 _g5 _lCCODEBUL1 _mBUL _p17.00 _r0 _sY _tBOOK _u2015-7-6 _xTEOLOGIA _PP35 _0COMPRA _o.STAFF. Colección General _d53964 |
||
| 980 |
_81 _gALBERTO SANCHEZ Responsable de Automatización |
||